000 00918nam a22002417a 4500
005 20100319102852.0
008 100319t xxu||||| |||| 00| 0 eng d
010 _aENG-95912
020 _a0198065124
_c595.00
020 _a0198065124
_c595.00
035 _aEN-79445
037 _bDBAD/PUB
040 _aDPL
_bEng
082 _a361.954
100 _aDesai, B. Sonalde
245 _aHuman development in India:
_bchallenges for a society in transition /
_cby Sonalde B. Desai ... [et.al]
260 _aNew Delhi
_bOxford University Press
_c2010
270 _aYMCA Library Building, Jai Singh Road
_bNew Delhi
_e110001
300 _axxii, 234p.
_c28 cm (pbk)
500 _aIncludes bibliographical references
942 _2ddc
_cEN
_mHUM
_h361.954
999 _c34763
_d34763